000 00303nam a22001337a 4500
020 _a978-81-237-4822-1
082 _a823
_bVER/U
100 _aVERMA, ABHILASH
245 _aUNUSAL COURAGE
260 _aNEW DELHI
_bNATIONAL BOOKN TRUST INDIA
_c2020
300 _a24
520 _aSHORT STORY
942 _cBK
999 _c6830
_d6830